India in South Asia: (Record no. 184375)

MARC details
000 -LEADER
fixed length control field 00627nam a22001817a 4500
005 - DATE AND TIME OF LATEST TRANSACTION
control field 20220119124952.0
010 ## - LCCN (DPL NO)
LC control number ENG-131240
020 ## - INTERNATIONAL STANDARD BOOK NUMBER
International Standard Book Number 978-93-89137-94-1
Terms of availability 1280.00
035 ## - SYSTEM CONTROL NUMBER
System control number EN-114772
037 ## - SOURCE OF ACQUISITION
Source of stock number/acquisition DBAD
082 ## - DEWEY DECIMAL CLASSIFICATION NUMBER
Classification number 327.54
245 ## - TITLE STATEMENT
Title India in South Asia:
Statement of responsibility, etc Edited by Sudheer Singh Verma and Ashwani Kumar
Remainder of title Changing Perspectives in the 21st Century/
260 ## - PUBLICATION, DISTRIBUTION, ETC. (IMPRINT)
Place of publication, distribution, etc New Delhi
Name of publisher, distributor, etc KW Publishers Pvt Ltd
Date of publication, distribution, etc 2021
270 ## - ADDRESS
City New Delhi
Address 4676/21, First Floor, Ansari Road
Postal code 110002
300 ## - PHYSICAL DESCRIPTION
Extent 238p.
Dimensions 23cm(hbk)
700 ## - ADDED ENTRY--PERSONAL NAME
Personal name Verma, Sudheer Singh and Kumar, Ashwani
942 ## - ADDED ENTRY ELEMENTS (KOHA)
Source of classification or shelving scheme Dewey Decimal Classification
Item type English Books
Classification part 327.54
Call number suffix VER
Holdings
Withdrawn status Lost status Not for loan Collection code Home library Current library Date acquired Source of acquisition Cost, normal purchase price Full call number Barcode Copy number Cost, replacement price Koha item type
      Non-fiction Central Library Central Library 19/01/2022 DBAD/PUB 1280.00 327.54 VER EN-114772 1 1280.00 English Books

© Delhi Public Library
Hit Counter
free hit counter